|
|
|
|
| LEADER |
00000cam a2200000 4500 |
| 001 |
vtls011889070 |
| 003 |
SK-MaSNL |
| 005 |
20260301145051.0 |
| 008 |
210624s2019 xo o grn 000 0 fre |
| 015 |
|
|
|a SNBA2019/10
|
| 020 |
|
|
|a 9788099926074
|q (viazané)
|
| 035 |
|
|
|a urn:nbn:sk:snk-am00e98e
|
| 035 |
|
|
|a urn:nbn:sk:snk-am3igck
|
| 035 |
|
|
|a D1E2E635-D52D-4F2C-82D5-AE88A3CDFAAA
|
| 040 |
|
|
|a SNK
|b slo
|c SNK
|e rda
|
| 041 |
0 |
|
|a fre
|
| 043 |
|
|
|a e------
|
| 044 |
|
|
|a xo
|c SK
|
| 072 |
|
7 |
|a 327
|x Medzinárodné vzťahy, svetová politika
|2 konspekt
|
| 080 |
|
|
|a [339.923+327](4)
|2 2011
|
| 080 |
|
|
|a 339.926
|2 2011
|
| 080 |
|
|
|a [061:005.56]-027.543
|2 2011
|
| 080 |
|
|
|a (4)
|2 2011
|
| 080 |
|
|
|a (048.8:082)
|2 2011
|
| 100 |
1 |
|
|a Malatinec, Tomáš,
|d 1987-
|4 aut
|9 169742
|
| 245 |
1 |
3 |
|a La politique de cohésion de l'Union européenne
|c Tomáš Malatinec, Michaela Furdová, Julianna Orbán Máté
|
| 264 |
|
1 |
|a [Košice]
|b Groupement européen coopération territoriale Via Carpatia
|c [2019]
|
| 300 |
|
|
|a 288 strán
|b fotografie
|c 22 cm
|
| 336 |
|
|
|a text
|b txt
|2 rdacontent
|
| 337 |
|
|
|a bez média
|b n
|2 rdamedia
|
| 338 |
|
|
|a zväzok
|b nc
|2 rdacarrier
|
| 500 |
|
|
|a Vydavateľské údaje podľa NA ISBN
|
| 500 |
|
|
|a Obsahuje poznámky pod čiarou
|
| 504 |
|
|
|a Obsahuje bibliografiu na strane 267-270 ; bibliografické odkazy
|
| 610 |
2 |
7 |
|a Európska únia
|2 SNKKA
|9 29861
|
| 650 |
0 |
7 |
|a európska integrácia
|2 SNKPH
|9 2140
|
| 650 |
0 |
7 |
|a štrukturálne fondy
|2 SNKPH
|9 4193
|
| 650 |
0 |
7 |
|a politika súdržnosti
|2 SNKPH
|9 88704
|
| 650 |
0 |
7 |
|a medzinárodné projekty
|2 SNKPH
|9 67215
|
| 650 |
0 |
7 |
|a European integration
|2 SNKPHeng
|9 270357
|
| 650 |
0 |
7 |
|a Structural funds
|2 SNKPHeng
|9 318540
|
| 650 |
0 |
7 |
|a Cohesion policy
|2 SNKPHeng
|9 327544
|
| 650 |
0 |
7 |
|a International projects
|2 SNKPHeng
|9 331133
|
| 651 |
|
7 |
|a krajiny Európskej únie
|2 SNKPHgeo
|9 31482
|
| 651 |
|
7 |
|a European Union countries
|2 SNKPHeng
|9 276031
|
| 655 |
|
7 |
|a kolektívne monografie
|2 SNKPH
|9 249850
|
| 655 |
|
7 |
|a Collective monographs
|2 SNKPHeng
|9 125747
|
| 700 |
1 |
|
|a Furdová, Michaela
|4 aut
|9 359882
|
| 700 |
1 |
|
|a Orbán Máté, Julianna
|4 aut
|9 359883
|
| 919 |
|
|
|a 978-80-99926-07-4
|
| 958 |
|
|
|a SP
|
| 958 |
|
|
|a NB
|
| 999 |
|
|
|c 779012
|d 780942
|
| 952 |
|
|
|a SNK
|b SNK
|y PREZ
|7 0
|p 17A1389052
|o snkSC 185822
|i snk2019/23729
|8 0
|0 0
|1 0
|4 0
|d 2019-09-24
|f 1
|l 0
|r 2026-02-24 00:59:37
|w 2026-02-24
|
| 952 |
|
|
|a SNK
|b SNK
|y VYP
|7 0
|p 17A1389053
|o snkSC 185822 D1
|i snk2019/23730
|8 0
|0 0
|1 0
|4 0
|d 2019-09-24
|l 0
|r 2026-02-24 00:59:37
|w 2026-02-24
|